[Event "11. Lippstaedter GM-Turnier"]
[Site "Lippstadt"]
[Date "2003.08.07"]
[Round "1"]
[White "Maiwald, Jens Uwe"]
[Black "Jenni, Florian"]
[Result "1-0"]
[WhiteElo "2517"]
[BlackElo "2508"]
[PlyCount "101"]

1. g3 e5 2. Bg2 d5 3. d3 Nc6 4. Nf3 Be6 5. c3 Qd7 6. b4 f6 7. Nbd2 Bd6 8. O-O
Bh3 9. e4 dxe4 10. dxe4 Be6 11. Qe2 a5 12. b5 Na7 13. a4 Nc8 14. Nc4 Nb6 15.
Ne3 Qf7 16. Nd2 Bc5 17. Nd5 Nxd5 18. exd5 Bxd5 19. Bxd5 Qxd5 20. Ne4 Be7 21.
Rd1 Qe6 22. b6 f5 23. Ng5 Bxg5 24. Bxg5 c6 25. Bf4 Nf6 26. Qxe5 Qxe5 27. Bxe5
Rd8 28. Rxd8+ Kxd8 29. Rd1+ Ke7 30. Bxf6+ gxf6 31. Kg2 Rg8 32. h3 h5 33. Rd4
Ke6 34. c4 Rg7 35. Kf3 Ke5 36. Rd8 f4 37. gxf4+ Ke6 38. c5 Rd7 39. f5+ Ke7 40.
Rh8 Rd5 41. Rh7+ Kd8 42. Rxb7 Rxf5+ 43. Kg2 Rg5+ 44. Kh2 Rf5 45. Ra7 Kc8 46.
Rc7+ Kb8 47. Rxc6 Rxf2+ 48. Kg3 Rf5 49. Rc7 Rd5 50. Kf4 Re5 51. h4 1-0

[Event "11. Lippstaedter GM-Turnier"]
[Site "Lippstadt"]
[Date "2003.08.07"]
[Round "1"]
[White "Ruck, Robert"]
[Black "Gustaffson, Jan"]
[Result "1/2-1/2"]
[WhiteElo "2550"]
[BlackElo "2570"]
[PlyCount "134"]

1. Nf3 d5 2. d4 Nf6 3. c4 c6 4. Nc3 a6 5. a4 e6 6. Bg5 Nbd7 7. cxd5 exd5 8. e3
a5 9. Bd3 Be7 10. Qc2 O-O 11. O-O Re8 12. Rae1 Nf8 13. Ne5 Ng4 14. Bxe7 Rxe7
15. f4 f6 16. Nxg4 Bxg4 17. f5 Bh5 18. Qf2 Qb6 19. h3 Bf7 20. Re2 Qb4 21. Qf4
Nd7 22. g4 Kh8 23. Rg2 Bg8 24. Rf3 Rf8 25. Rfg3 c5 26. Bb5 cxd4 27. exd4 Nc5
28. Na2 Qe1+ 29. Qf1 Qxf1+ 30. Kxf1 Ne4 31. Re3 Rc8 32. Bd3 Rd7 33. Rc2 Rxc2
34. Bxc2 Bf7 35. Ke2 h5 36. Nc3 Nd6 37. Bd3 Nc4 38. Bxc4 dxc4 39. Re4 Kh7 40.
Ke3 Kh6 41. Kf4 g5+ 42. Ke3 hxg4 43. hxg4 Kg7 44. d5 Bxd5 45. Nxd5 Rxd5 46.
Rxc4 b5 47. Rc7+ Kf8 48. b3 bxa4 49. bxa4 Rd1 50. Ke4 Ke8 51. Ra7 Rg1 52. Kd5
Re1 53. Kd6 Re5 54. Rb7 Re4 55. Ra7 Re5 56. Rc7 Re4 57. Rc5 Kf7 58. Rxa5 Rd4+
59. Kc5 Rxg4 60. Ra7+ Kg8 61. Kd5 Rb4 62. a5 g4 63. Ke6 g3 64. Kxf6 Rg4 65.
Ra8+ Kh7 66. Ra7+ Kg8 67. Ra8+ Kh7 1/2-1/2

[Event "11. Lippstaedter GM-Turnier"]
[Site "Lippstadt"]
[Date "2003.08.07"]
[Round "1"]
[White "Smeets, Jan"]
[Black "Brenke, Andreas Dr"]
[Result "1-0"]
[WhiteElo "2477"]
[BlackElo "2404"]
[PlyCount "87"]

1. e4 c5 2. Nf3 d6 3. d4 cxd4 4. Nxd4 Nf6 5. Nc3 Nc6 6. Be2 e5 7. Nf3 h6 8. O-O
Be7 9. Re1 O-O 10. h3 a6 11. Bf1 Qc7 12. b3 b5 13. Nd5 Nxd5 14. exd5 Nb8 15. a4
Bf5 16. axb5 Bxc2 17. Qd2 Bxb3 18. Re3 Qc2 19. Rxb3 Qxb3 20. Ra3 Qxa3 21. Bxa3
axb5 22. Qe3 b4 23. Bxb4 Nd7 24. Bb5 Rfb8 25. Bxd7 Rxb4 26. Qc3 Rab8 27. Nd2
Rd4 28. Qc7 Rd8 29. Nf1 Kf8 30. Ne3 g6 31. g3 h5 32. h4 Rb4 33. Bc8 Rb5 34. Bb7
Rc5 35. Bc6 f5 36. Kg2 Kf7 37. Nf1 Kf6 38. Nd2 e4 39. Nb3 Rc3 40. Qb6 Kf7 41.
Nd4 f4 42. gxf4 Bxh4 43. Ne6 Rg8 44. Qc7+ 1-0

[Event "11. Lippstaedter GM-Turnier"]
[Site "Lippstadt"]
[Date "2003.08.07"]
[Round "1"]
[White "Schenk, Andreas"]
[Black "Cyborowski, Lukasz"]
[Result "0-1"]
[WhiteElo "2491"]
[BlackElo "2550"]
[PlyCount "70"]

1. d4 d5 2. c4 c6 3. Nf3 Nf6 4. Nc3 e6 5. Bg5 h6 6. Bh4 dxc4 7. e4 g5 8. Bg3 b5
9. Be2 Nh5 10. Bxb8 Rxb8 11. Ne5 Nf4 12. Nxc6 Qb6 13. Nxb8 Nxg2+ 14. Kf1 Nh4
15. Bxc4 a6 16. Nxa6 bxc4 17. Qa4+ Kd8 18. Nc5 Bxc5 19. dxc5 Qxb2 20. Qd1+ Ke7
21. Qc1 Qb4 22. Ke2 Rd8 23. Rd1 Rd3 24. Rxd3 cxd3+ 25. Kxd3 Nf3 26. Ke2 Nxh2
27. f3 g4 28. fxg4 Ba6+ 29. Kd1 Nf1 30. Kc2 Qd4 31. Qe1 Ne3+ 32. Kc1 Bd3 33.
Qd2 Nc4 34. Qe1 Qxc5 35. a4 Qg5+ 0-1

[Event "11. Lippstaedter GM-Turnier"]
[Site "Lippstadt"]
[Date "2003.08.08"]
[Round "2"]
[White "Cyborowski, Lukas"]
[Black "Maiwald, Jens-Uwe"]
[Result "1/2-1/2"]
[WhiteElo "2550"]
[BlackElo "2517"]
[PlyCount "107"]

1. Nf3 d6 2. d4 Nf6 3. Nc3 Nbd7 4. e4 e5 5. Bc4 Be7 6. O-O O-O 7. a4 c6 8. Re1
b6 9. b3 a6 10. Bb2 Qc7 11. Bd3 Re8 12. Ne2 Bf8 13. Ng3 Bb7 14. Qd2 g6 15. h3
Bg7 16. Rad1 Rad8 17. Qc1 Nf8 18. a5 b5 19. c4 Qb8 20. cxb5 cxb5 21. d5 Qa7 22.
Qd2 Rc8 23. Ba3 Red8 24. Kh1 Ne8 25. Bb2 Nd7 26. b4 Rc7 27. Rf1 Bc8 28. Ne2
Ndf6 29. Ng3 Kh8 30. Nh2 Ng8 31. Ng4 h5 32. Nh2 Bh6 33. f4 f6 34. Ne2 Ng7 35.
Qe1 Bd7 36. Nf3 Be8 37. Qg3 Qe3 38. Bc1 Rxc1 39. Nxc1 Bxf4 40. Qf2 Rc8 41. Qb2
Ne7 42. Ne2 Bh6 43. Ng3 Bf4 44. Ne2 Bh6 45. Ng3 f5 46. Rfe1 Qa7 47. exf5 gxf5
48. Nxe5 Bf4 49. Nc6 Nxc6 50. Nxh5 Ne7 51. Ng3 Bg6 52. Rf1 Bh6 53. Rfe1 Rf8 54.
Rf1 1/2-1/2

[Event "11. Lippstaedter GM-Turnier"]
[Site "Lippstadt"]
[Date "2003.08.08"]
[Round "2"]
[White "Gustaffson, Jan"]
[Black "Wehmeier, Stefan"]
[Result "1/2-1/2"]
[WhiteElo "2570"]
[BlackElo "2350"]
[PlyCount "59"]

1. Nf3 d5 2. d4 c6 3. c4 e6 4. Qc2 Bd6 5. Bg5 Ne7 6. e3 h6 7. Bh4 Qa5+ 8. Nc3
Nf5 9. Bg3 Nxg3 10. hxg3 Nd7 11. a3 dxc4 12. Bxc4 Nb6 13. Ba2 Nd5 14. Nd2 Nxc3
15. Nc4 Qc7 16. Nxd6+ Qxd6 17. Qxc3 Bd7 18. Rc1 O-O-O 19. Qc5 Qxc5 20. Rxc5
Rhe8 21. Ke2 Re7 22. Rhc1 Be8 23. b4 Kb8 24. Bb1 Rd5 25. Be4 Rxc5 26. Rxc5 Kc7
27. b5 Kd6 28. bxc6 b6 29. Rc2 Rc7 30. Bd3 1/2-1/2

[Event "11. Lippstaedter GM-Turnier"]
[Site "Lippstadt"]
[Date "2003.08.08"]
[Round "2"]
[White "Brenke, Andreas Dr"]
[Black "Ruck, Robert"]
[Result "0-1"]
[WhiteElo "2394"]
[BlackElo "2550"]
[PlyCount "73"]

1. e4 c5 2. Nc3 d6 3. Nge2 a6 4. a4 Nc6 5. g3 g6 6. d4 cxd4 7. Nxd4 Bg7 8. Nde2
Nf6 9. Bg2 O-O 10. O-O Rb8 11. Nd5 e6 12. Nxf6+ Bxf6 13. c3 Qc7 14. Be3 Bd7 15.
Qc1 Na5 16. Qc2 Nc4 17. Bh6 Rfc8 18. Rfc1 b5 19. axb5 axb5 20. Ra2 Ne5 21. b3
Ra8 22. h3 Rxa2 23. Qxa2 Nd3 24. Rd1 Nc5 25. Qd2 Nxb3 26. Qxd6 Qxd6 27. Rxd6
Be8 28. Rd1 Nc5 29. Be3 Na4 30. Rc1 Nxc3 31. Kf1 b4 32. Bd2 Bb5 33. Bf3 b3 34.
Bxc3 Rxc3 35. Rxc3 Bxc3 36. Kg2 Be5 37. Ng1 0-1

[Event "11. Lippstaedter GM-Turnier"]
[Site "Lippstadt"]
[Date "2003.08.08"]
[Round "2"]
[White "Romanishin, Oleg"]
[Black "Smeets, Jan"]
[Result "0-1"]
[WhiteElo "2561"]
[BlackElo "2477"]
[PlyCount "106"]

1. d4 d5 2. c4 c6 3. Nf3 Nf6 4. Nc3 dxc4 5. a4 Bf5 6. e3 e6 7. Bxc4 Bb4 8. O-O
Nbd7 9. h3 h6 10. Qe2 Bg6 11. e4 O-O 12. Bd3 a6 13. Bc2 Rc8 14. Bf4 Re8 15.
Rfd1 Qb6 16. Ne5 Nxe5 17. dxe5 Nh7 18. h4 h5 19. g4 hxg4 20. a5 Bxa5 21. Na4
Qb4 22. Qxg4 Bxe4 23. Bxe4 Qxe4 24. Nc5 Qb4 25. Nd3 Qb5 26. Bh6 g6 27. h5 g5
28. Kh2 f5 29. exf6 Bc7+ 30. Kg2 Rcd8 31. Qf3 Kf7 32. Bg7 Qd5 33. Ne1 g4 34.
Qxd5 Rxd5 35. Nc2 Bb6 36. Nb4 Rxd1 37. Rxd1 Rd8 38. Nd3 Nxf6 39. h6 Rd5 40.
Bxf6 Kxf6 41. Rh1 Rd8 42. h7 Rh8 43. Rh6+ Kg5 44. Rxe6 Rxh7 45. Re5+ Kf6 46.
Re4 Rg7 47. b4 Rd7 48. Nc5 Bxc5 49. bxc5 Kf5 50. Rb4 Rg7 51. Rd4 Ke5 52. Rd2 a5
53. Kg3 a4 0-1

[Event "11. Lippstaedter GM-Turnier"]
[Site "Lippstadt"]
[Date "2003.08.09"]
[Round "3"]
[White "Ruck, Robert"]
[Black "Romanishin, Oleg"]
[Result "1/2-1/2"]
[WhiteElo "2550"]
[BlackElo "2561"]
[PlyCount "43"]

1. c4 e5 2. Nc3 Nf6 3. Nf3 Nc6 4. a3 g6 5. g3 Bg7 6. Bg2 O-O 7. O-O d5 8. cxd5
Nxd5 9. Nxe5 Nxc3 10. Nxc6 Nxe2+ 11. Qxe2 bxc6 12. Bxc6 Rb8 13. d3 Bh3 14. Re1
Rb6 15. Qc2 Be6 16. Be4 Qd7 17. Qc5 Bd4 18. Qa5 Rb5 19. Qa6 Rb6 20. Qa5 Rb5 21.
Qa6 Rb6 22. Qa5 1/2-1/2

[Event "11. Lippstaedter GM-Turnier"]
[Site "Lippstadt"]
[Date "2003.08.09"]
[Round "3"]
[White "Schenk, Andreas"]
[Black "Gustafsson, Jan"]
[Result "0-1"]
[WhiteElo "2477"]
[BlackElo "2570"]
[PlyCount "50"]

1. d4 d5 2. Nf3 Nf6 3. c4 c6 4. Nc3 dxc4 5. a4 Bf5 6. Ne5 Nbd7 7. Nxc4 Qc7 8.
g3 e5 9. dxe5 Nxe5 10. Bf4 Nfd7 11. Bg2 g5 12. Ne3 gxf4 13. Nxf5 O-O-O 14. Qc2
Kb8 15. gxf4 Nc4 16. e3 Nc5 17. Nd4 Bg7 18. Nce2 Qa5+ 19. Kf1 Nd2+ 20. Kg1 Bxd4
21. Nxd4 Rxd4 22. exd4 Ncb3 23. Rd1 Rg8 24. Qd3 Qd5 25. f3 Nxf3+ 0-1

[Event "11. Lippstaedter GM-Turnier"]
[Site "Lippstadt"]
[Date "2003.08.10"]
[Round "4"]
[White "Gustafsson, Jan"]
[Black "Maiwald, Jens-Uwe"]
[Result "1/2-1/2"]
[WhiteElo "2570"]
[BlackElo "2517"]
[PlyCount "86"]

1. d4 Nf6 2. c4 g6 3. Nc3 Bg7 4. e4 d6 5. Nf3 O-O 6. Be2 e5 7. Be3 Ng4 8. Bg5
f6 9. Bh4 Nc6 10. d5 Ne7 11. Nd2 Nh6 12. f3 g5 13. Bf2 f5 14. c5 Ng6 15. g3
fxe4 16. fxe4 Bh3 17. cxd6 cxd6 18. Be3 b5 19. Nxb5 Qd7 20. Nc3 Rab8 21. Qa4
Qxa4 22. Nxa4 Rb4 23. Nc3 Nf4 24. Nb3 Nxe2 25. Kxe2 a5 26. Nd2 Ng4 27. b3 Nxe3
28. Kxe3 g4 29. Ke2 Bh6 30. Nc4 Rf3 31. Nd1 a4 32. Rb1 axb3 33. axb3 Rfxb3 34.
Rxb3 Rxb3 35. Nde3 Bxe3 36. Nxe3 Rb2+ 37. Kd3 Rb3+ 38. Kd2 Bg2 39. Ra1 Bxe4 40.
Ra6 h5 41. Rxd6 Rd3+ 42. Ke2 Rd4 43. Ke1 Kg7 1/2-1/2

[Event "11. Lippstaedter GM-Turnier"]
[Site "Lippstadt"]
[Date "2003.08.10"]
[Round "4"]
[White "Romanishin, Oleg"]
[Black "Wehmeier, Stefan"]
[Result "0-1"]
[WhiteElo "2561"]
[BlackElo "2350"]
[PlyCount "64"]

1. d4 d5 2. c4 c6 3. Nf3 e6 4. g3 Nf6 5. Bg2 Be7 6. O-O b6 7. Nc3 Bb7 8. Qc2
Nbd7 9. Rd1 Rc8 10. a4 c5 11. cxd5 Nxd5 12. e4 Nxc3 13. bxc3 cxd4 14. Nxd4 a6
15. Bf4 e5 16. Nf5 exf4 17. Nxg7+ Kf8 18. Bh3 Rc7 19. Nf5 Bc5 20. Rd3 Qe8 21.
Nd6 Bxd6 22. Rxd6 Ne5 23. Bg2 Rc6 24. Rd4 f3 25. Bf1 Kg7 26. c4 Qe7 27. Rad1
Bc8 28. Rd5 f6 29. a5 b5 30. c5 Be6 31. Rd6 Rhc8 32. Qd2 Nf7 0-1

[Event "11. Lippstaedter GM-Turnier"]
[Site "Lippstadt"]
[Date "2003.08.10"]
[Round "4"]
[White "Smeets, Jan"]
[Black "Ruck, Robert"]
[Result "1/2-1/2"]
[WhiteElo "2477"]
[BlackElo "2550"]
[PlyCount "90"]

1. e4 c6 2. d4 d5 3. Nc3 dxe4 4. Nxe4 Bf5 5. Ng3 Bg6 6. h4 h6 7. Nf3 Nd7 8. h5
Bh7 9. Bd3 Bxd3 10. Qxd3 e6 11. Bf4 Ngf6 12. O-O-O Be7 13. Ne4 Qa5 14. Kb1 Nxe4
15. Qxe4 Nf6 16. Qe5 Qd5 17. Qc7 Qb5 18. c4 Qb6 19. Qe5 O-O 20. g4 Nxg4 21. Qe2
Qa5 22. c5 Qb5 23. Qc2 Rad8 24. a4 Qa6 25. Rhg1 f5 26. Rge1 Rf6 27. Nh4 Rf7 28.
Ng6 Nf6 29. Rxe6 Bf8 30. Ne5 Re7 31. Rxe7 Bxe7 32. Qxf5 Bf8 33. Rg1 Rxd4 34.
Qxf6 Rd1+ 35. Bc1 Rxg1 36. Qf7+ Kh7 37. Qf5+ Kg8 38. Qf7+ Kh7 39. Qxf8 Qf1 40.
Qf5+ Kg8 41. Qf4 Rh1 42. Ng6 Kh7 43. Qe3 Rxh5 44. Nf8+ Kg8 45. Qe8 Qd3+ 1/2-1/2

[Event "11. Lippstaedter GM-Turnier"]
[Site "LippstadtR"]
[Date "2003.08.11"]
[Round "5"]
[White "Wehmeier, Stefan"]
[Black "Smeets, Jan"]
[Result "1/2-1/2"]
[WhiteElo "2350"]
[BlackElo "2477"]
[PlyCount "81"]

1. d4 Nf6 2. c4 e6 3. Nf3 b6 4. g3 Ba6 5. b3 Bb4+ 6. Bd2 Be7 7. Nc3 c6 8. e4 d5
9. e5 Ne4 10. Bd3 Nxc3 11. Bxc3 c5 12. dxc5 Bxc5 13. b4 Be7 14. cxd5 Qxd5 15.
Bxa6 Qxd1+ 16. Rxd1 Nxa6 17. a3 Nc7 18. Nd4 a5 19. bxa5 bxa5 20. O-O Nd5 21.
Rd3 Kd7 22. Rb1 Rhc8 23. Bd2 a4 24. Rb7+ Rc7 25. Rb5 Rc5 26. Rb1 Rac8 27. Rb7+
R5c7 28. Rb5 Rc4 29. Nf5 R4c5 30. Rb7+ R8c7 31. Rxc7+ Rxc7 32. Nxe7 Kxe7 33.
Rd4 Ra7 34. Bb4+ Nxb4 35. Rxb4 g5 36. f4 gxf4 37. gxf4 f6 38. exf6+ Kxf6 39.
Kf2 Rc7 40. Rxa4 Kf5 41. h3 1/2-1/2

[Event "11. Lippstaedter GM-Turnier"]
[Site "LippstadtR"]
[Date "2003.08.11"]
[Round "5"]
[White "Schenk, Andreas"]
[Black "Romanishin, Oleg"]
[Result "1/2-1/2"]
[WhiteElo "2491"]
[BlackElo "2561"]
[PlyCount "44"]

1. d4 Nf6 2. c4 e6 3. Nc3 Bb4 4. Qc2 d5 5. cxd5 Qxd5 6. e3 O-O 7. Bd2 Bxc3 8.
Bxc3 a5 9. a3 Nbd7 10. Nf3 b6 11. Be2 Bb7 12. O-O Ne4 13. Rfd1 Rfc8 14. Rac1 h6
15. Bf1 Qh5 16. Qe2 Ba6 17. Qe1 Bb7 18. Nd2 Nxd2 19. Qxd2 Qg6 20. Qd3 f5 21.
Kh1 Bd5 22. f3 c6 1/2-1/2

[Event "11. Lippstaedter GM-Turnier"]
[Site "LippstadtR"]
[Date "2003.08.11"]
[Round "5"]
[White "Maiwald, Jens-Uwe"]
[Black "Brenke, Andreas"]
[Result "1-0"]
[WhiteElo "2517"]
[BlackElo "2394"]
[PlyCount "147"]
[EventDate "2003.08.??"]

1. e4 c5 2. d3 Nc6 3. g3 g6 4. Bg2 Bg7 5. f4 d6 6. Nf3 e5 7. Nc3 exf4 8. Bxf4
Nge7 9. O-O O-O 10. Qd2 Ne5 11. Bh6 Nxf3+ 12. Rxf3 Qb6 13. Bxg7 Kxg7 14. b3 Qb4
15. Raf1 Be6 16. Rf4 Qd4+ 17. Kh1 Qe5 18. Ne2 Rad8 19. Ng1 Qb2 20. Rh4 h5 21.
Ne2 Bg4 22. Nc3 f6 23. h3 g5 24. hxg4 gxh4 25. gxh5 hxg3 26. Bf3 b5 27. Rb1 Qa3
28. Rg1 Qb4 29. Rxg3+ Kh7 30. a3 Qd4 31. Nxb5 Qe5 32. Rg4 Rg8 33. Qf4 Rxg4 34.
Qxe5 fxe5 35. Bxg4 a6 36. Nc3 Kh6 37. Kg2 Kg5 38. Kg3 Rf8 39. Bf3 Nc6 40. Ne2
Nd4 41. Nxd4 cxd4 42. Be2 a5 43. a4 Rf7 44. Bf3 Rc7 45. Bd1 Rc8 46. Kf2 Kf4 47.
Ke2 Rg8 48. Kd2 Rg2+ 49. Kc1 Ke3 50. h6 Rh2 51. Bg4 Rxh6 52. b4 axb4 53. Kb2
Kd2 54. Bd7 Rh7 55. Bb5 Rh2 56. a5 Kd1 57. Kb3 Rxc2 58. a6 Rc7 59. Kxb4 Kc2 60.
Ka5 Rh7 61. Kb6 Kc3 62. a7 Rh8 63. Ba6 Kd2 64. Kc7 Kc3 65. Bb5 Rg8 66. Bc4 Rh8
67. Ba6 Kd2 68. Bc8 Rh7+ 69. Bd7 Rh8 70. Bb5 Kc3 71. Bc4 Kd2 72. Kxd6 Ra8 73.
Kxe5 Rxa7 74. Kxd4 {...} 1-0

[Event "11. Lippstaedter GM-Turnier"]
[Site "Lippstadt"]
[Date "2003.08.12"]
[Round "6"]
[White "Romanishin, Oleg"]
[Black "Maiwald, Jens-Uwe"]
[Result "1/2-1/2"]
[WhiteElo "2561"]
[BlackElo "2517"]
[PlyCount "69"]

1. d4 g6 2. Nf3 Bg7 3. g3 d6 4. Bg2 Nf6 5. O-O O-O 6. c4 Nc6 7. Nc3 Bf5 8. b3
d5 9. Ne5 Nxe5 10. dxe5 Ne4 11. Nxe4 dxe4 12. Bb2 Qxd1 13. Rfxd1 Rfd8 14. Kf1
f6 15. exf6 exf6 16. Ke1 Kf7 17. Rxd8 Rxd8 18. Rd1 Rxd1+ 19. Kxd1 Bf8 20. Bd4
b6 21. Kd2 Ke6 22. Kc3 c5 23. Be3 g5 24. a3 a5 25. Kb2 Bd6 26. Bd2 Be5+ 27. Kc1
Bd4 28. e3 Be5 29. b4 axb4 30. axb4 g4 31. Kc2 Kd6 32. Kb3 Bg6 33. Bc3 Bxc3 34.
Kxc3 f5 35. Bf1 1/2-1/2

[Event "11. Lippstaedter GM-Turnier"]
[Site "Lippstadtt"]
[Date "2003.08.12"]
[Round "6"]
[White "Gustafsson, Jan"]
[Black "Cyborowski, Lukasz"]
[Result "1/2-1/2"]
[WhiteElo "2570"]
[BlackElo "2550"]
[PlyCount "41"]

1. d4 d5 2. c4 e6 3. Nf3 Nf6 4. Nc3 Nbd7 5. cxd5 Nxd5 6. e4 Nxc3 7. bxc3 c5 8.
Bd2 Be7 9. Bd3 O-O 10. Qe2 b6 11. e5 Bb7 12. h4 Re8 13. Bxh7+ Kxh7 14. Ng5+ Kg8
15. Qh5 Nf8 16. Qxf7+ Kh8 17. O-O-O cxd4 18. Qh5+ Kg8 19. Qf7+ Kh8 20. Qh5+ Kg8
21. Qf7+ 1/2-1/2

[Event "11. Lippstaedter GM-Turnier"]
[Site "Lippstadtt"]
[Date "2003.08.12"]
[Round "6"]
[White "Ruck, Robert"]
[Black "Wehmeier, Stefan"]
[Result "1-0"]
[WhiteElo "2550"]
[BlackElo "2362"]
[PlyCount "95"]

1. c4 e6 2. Nc3 d5 3. d4 c5 4. cxd5 exd5 5. Nf3 Nc6 6. g3 Nf6 7. Bg2 Be7 8. O-O
O-O 9. b3 Ne4 10. Bb2 Bf6 11. Na4 b5 12. Nxc5 Nxc5 13. Rc1 Nxb3 14. Qxb3 Na5
15. Qxb5 Be6 16. Bc3 Nc4 17. Ne5 Bxe5 18. dxe5 Qb6 19. Qa4 Rac8 20. e3 a5 21.
Rfd1 h5 22. Bd4 Qb8 23. Qb3 Qxb3 24. axb3 Nd2 25. Rc3 Rxc3 26. Bxc3 Nxb3 27.
Bxd5 Bxd5 28. Rxd5 a4 29. Rd7 Ra8 30. e6 fxe6 31. Rxg7+ Kf8 32. Rh7 Ra6 33. Kf1
a3 34. Rb7 Nc1 35. Rb1 Na2 36. Bd2 Rc6 37. Rb3 Ra6 38. h4 Kf7 39. Ke1 Kg6 40.
Kd1 Kf5 41. f3 Nc1 42. Bxc1 a2 43. e4+ Kg6 44. Bb2 a1=Q+ 45. Bxa1 Rxa1+ 46. Ke2
Ra2+ 47. Ke3 e5 48. f4 1-0

[Event "11. Lippstaedter GM-Turnier"]
[Site "Lippstadt"]
[Date "2003.08.12"]
[Round "6"]
[White "Brenke, Andreas"]
[Black "Jenni, Florian"]
[Result "1-0"]
[WhiteElo "2394"]
[BlackElo "2508"]
[PlyCount "119"]

{128MB, Power.ctg, PII400} 1. c4 g6 2. d4 Bg7 3. Nc3 d6 4. e4 c6 5. Be3 a6 6.
Nf3 Nf6 7. Be2 b5 8. cxb5 axb5 9. a3 O-O 10. O-O Nbd7 11. d5 Bb7 12. dxc6 Bxc6
13. Nd4 Bb7 14. f3 b4 15. axb4 d5 16. exd5 Nxd5 17. Nxd5 Bxd5 18. Qd2 Ne5 19.
Rac1 Qd7 20. Rc5 Rfd8 21. Rfc1 Bb7 22. Rc7 Qd5 23. R1c5 Ra1+ 24. Bf1 Nc4 25.
Rxc4 Ba6 26. b5 Bxb5 27. Nxb5 Qxd2 28. Bxd2 Rxd2 29. Rc8+ Bf8 30. Rc1 Rxc1 31.
Rxc1 Rxb2 32. Bd3 Rd2 33. Bc4 Bh6 34. Re1 Rc2 35. Bd3 Rd2 36. Bf1 Bg5 37. Re2
Rd1 38. g3 h5 39. Nc3 Rd3 40. Ne4 Be3+ 41. Kg2 Ra3 42. h4 Kg7 43. f4 Bd4 44.
Ng5 Bc5 45. Rc2 Bb4 46. Bc4 e6 47. Rb2 Be7 48. Rb7 Bxg5 49. hxg5 Kf8 50. Rb3
Ra4 51. Bb5 Ra1 52. Kf3 Re1 53. Be2 Kg7 54. Bd3 Ra1 55. g4 hxg4+ 56. Kxg4 Rg1+
57. Kf3 Re1 58. Rb1 Rxb1 59. Bxb1 f6 60. Ke4 1-0

[Event "11. Lippstaedter GM-Turnier"]
[Site "Lippstadt"]
[Date "2003.08.12"]
[Round "6"]
[White "Smeets, Jan"]
[Black "Schenk, Andreas"]
[Result "1/2-1/2"]
[WhiteElo "2477"]
[BlackElo "2491"]
[PlyCount "67"]

1. e4 e6 2. d4 d5 3. Nc3 Nf6 4. Bg5 dxe4 5. Nxe4 Nbd7 6. Nf3 Be7 7. Nxf6+ Bxf6
8. h4 O-O 9. Bd3 c5 10. Qe2 cxd4 11. Qe4 Qa5+ 12. Kf1 g6 13. Bxf6 Nxf6 14. Qxd4
Nh5 15. g4 Rd8 16. Qe3 Nf6 17. Qf4 Nd5 18. Qh6 Qb4 19. Ng5 Nf6 20. h5 Qf8 21.
hxg6 fxg6 22. Qh4 Qg7 23. Re1 Re8 24. Bc4 Bd7 25. Rh3 Rac8 26. Nxe6 Qf7 27. Bb3
Bb5+ 28. Kg1 Bc4 29. Rhe3 Bxb3 30. cxb3 Rc6 31. Ng5 Rxe3 32. Rxe3 Rc1+ 33. Kg2
Qd7 34. Re5 1/2-1/2

[Event "11. Lippstaedter GM-Turnier"]
[Site "Lippstadt"]
[Date "2003.08.13"]
[Round "7"]
[White "Schenk, Andreas"]
[Black "Ruck, Robert"]
[Result "1/2-1/2"]
[WhiteElo "2491"]
[BlackElo "2550"]
[PlyCount "31"]

1. d4 Nf6 2. c4 e6 3. Nc3 Bb4 4. Qc2 O-O 5. a3 Bxc3+ 6. Qxc3 b6 7. Bg5 Bb7 8.
Nf3 d6 9. Nd2 Nbd7 10. f3 d5 11. e3 Re8 12. Bd3 c5 13. cxd5 exd5 14. O-O h6 15.
Bxf6 Qxf6 16. Bb5 1/2-1/2

[Event "11. Lippstaedter GM-Turnier"]
[Site "Lippstadt"]
[Date "2003.08.13"]
[Round "7"]
[White "Cyborowski, Lukasz"]
[Black "Brenke, Andreas"]
[Result "1-0"]
[WhiteElo "2550"]
[BlackElo "2394"]
[PlyCount "79"]

1. Nf3 Nf6 2. c4 Nc6 3. d4 e6 4. a3 d6 5. Nc3 g6 6. e4 Bg7 7. Be2 O-O 8. O-O
Re8 9. d5 Ne7 10. h3 c6 11. dxc6 bxc6 12. e5 dxe5 13. Nxe5 Nd7 14. Nxd7 Bxd7
15. Ne4 Rf8 16. Bg5 f6 17. Be3 e5 18. Bc5 f5 19. Nd6 Be6 20. Nb7 Qc7 21. Qd6
Qxd6 22. Bxd6 Kf7 23. b4 Rfc8 24. Rad1 Kf6 25. Rfe1 Re8 26. Bxe5+ Kxe5 27. Bf3+
Kf6 28. Rd6 Nc8 29. Rxc6 Rb8 30. Nc5 Rb6 31. Nd7+ Kf7 32. Nxb6 Nxb6 33. Rc5 Nd7
34. Rxe6 Rxe6 35. Bd5 Nf8 36. Ra5 Bd4 37. Bxe6+ Nxe6 38. Rxa7+ Kf6 39. Rxh7 Ke5
40. Rd7 1-0

[Event "11. Lippstaedter GM-Turnier"]
[Site "Lippstadt"]
[Date "2003.08.13"]
[Round "7"]
[White "Maiwald, Jens-Uwe"]
[Black "Smeets, Jan"]
[Result "1-0"]
[WhiteElo "2517"]
[BlackElo "2477"]
[PlyCount "67"]

1. g3 d5 2. Bg2 c6 3. d3 e5 4. Nf3 Bd6 5. e4 dxe4 6. dxe4 f6 7. Nh4 Ne7 8. Qh5+
g6 9. Qh6 Kf7 10. O-O Bc5 11. Nc3 Ng8 12. Qd2 Qxd2 13. Bxd2 Be6 14. Na4 Be7 15.
f4 Nd7 16. b3 Kg7 17. f5 Bf7 18. fxg6 hxg6 19. Be3 Be6 20. Rad1 Nh6 21. h3 Nf7
22. c4 Rhd8 23. Nf5+ Kf8 24. Nxe7 Kxe7 25. Nc5 b6 26. Nxe6 Kxe6 27. Rd2 Nc5 28.
Rdf2 Nd7 29. h4 Nd6 30. Bh3+ Ke7 31. Bxd7 Rxd7 32. Rxf6 Nxe4 33. Rxg6 Rd3 34.
Rf3 1-0

[Event "11. Lippstaedter GM-Turnier"]
[Site "Lippstadt"]
[Date "2003.08.13"]
[Round "7"]
[White "Jenni, Florian"]
[Black "Romanishin, Oleg"]
[Result "1-0"]
[WhiteElo "2508"]
[BlackElo "2561"]
[PlyCount "115"]

1. e4 e5 2. Nf3 Nc6 3. Bb5 a6 4. Ba4 Nf6 5. O-O Be7 6. Bxc6 dxc6 7. Qe2 Nd7 8.
b3 O-O 9. Bb2 Bf6 10. d4 exd4 11. Bxd4 Bxd4 12. Nxd4 Qf6 13. c3 Re8 14. Qe3 c5
15. Ne2 b5 16. f3 Bb7 17. Nd2 Rad8 18. Rfd1 Ne5 19. Nf1 c4 20. b4 Rd3 21. Rxd3
Nxd3 22. Rd1 g6 23. Qa7 Qb6+ 24. Qxb6 cxb6 25. Nd4 h5 26. h4 Kg7 27. Ng3 Bc8
28. Kf1 Bd7 29. a3 a5 30. Nc2 Ra8 31. Ne2 axb4 32. axb4 Be8 33. Nc1 Nb2 34. Rd6
Kf8 35. Rd2 Na4 36. Ne2 Nb2 37. Ne1 Na4 38. Kf2 Ke7 39. g3 Bd7 40. Ng2 Be6 41.
Ngf4 Rd8 42. Ke3 Rxd2 43. Kxd2 Bd7 44. e5 Bc6 45. Nd4 Bb7 46. Kc2 Ba8 47. Nh3
Bb7 48. Nf4 Ba8 49. Kd2 Bb7 50. g4 hxg4 51. fxg4 Be4 52. h5 gxh5 53. gxh5 Nb2
54. Ke3 Bb1 55. Nd5+ Kf8 56. Nxb5 Nd3 57. Kd4 Ne1 58. Nxb6 1-0

[Event "11. Lippstaedter GM-Turnier"]
[Site "Lippstadt"]
[Date "2003.08.14"]
[Round "8"]
[White "Romanishin, Oleg"]
[Black "Cyborowski, Lukasz"]
[Result "0-1"]
[WhiteElo "2561"]
[BlackElo "2550"]
[PlyCount "72"]

1. d4 Nf6 2. Nf3 d5 3. c4 c6 4. Nc3 e6 5. g3 Be7 6. Bg2 O-O 7. O-O Nbd7 8. Bf4
Nh5 9. Bd2 Nhf6 10. Bf4 Nh5 11. Be3 Nhf6 12. Rc1 dxc4 13. Nd2 Nb6 14. Nce4 Nfd5
15. Nxc4 Nxc4 16. Rxc4 Nxe3 17. fxe3 e5 18. dxe5 Be6 19. Rd4 Qa5 20. Nf6+ gxf6
21. exf6 Bd8 22. Rh4 Qg5 23. Qd3 h6 24. Qc3 Bc7 25. e4 Rad8 26. Qf3 Rd2 27. Bh3
Bb6+ 28. Kg2 Qe3 29. Qxe3 Bxe3 30. Bxe6 fxe6 31. Rg4+ Kh8 32. e5 Rd5 33. Rg7
Rxe5 34. Rxb7 Bd4 35. Rf4 Rxe2+ 36. Kf1 Rxb2 0-1

[Event "11. Lippstaedter GM-Turnier"]
[Site "Lippstadt"]
[Date "2003.08.14"]
[Round "8"]
[White "Smeets, Jan"]
[Black "Jenni, Florian"]
[Result "1/2-1/2"]
[WhiteElo "2477"]
[BlackElo "2508"]
[PlyCount "133"]

1. e4 e5 2. Nf3 Nc6 3. d4 exd4 4. Nxd4 Nf6 5. Nxc6 bxc6 6. e5 Qe7 7. Qe2 Nd5 8.
c4 Ba6 9. b3 O-O-O 10. g3 f6 11. Bg2 fxe5 12. Ba3 Qg5 13. O-O Nf6 14. Bxf8
Rhxf8 15. Nd2 Rfe8 16. Rfe1 Bb7 17. b4 e4 18. Nxe4 Nxe4 19. Bxe4 d5 20. h4 Qe5
21. Bd3 Qxe2 22. Rxe2 Rxe2 23. Bxe2 Ba6 24. b5 cxb5 25. cxb5 Bb7 26. Bd3 g6 27.
f4 Re8 28. Kf2 Kd7 29. Re1 Rf8 30. Ke3 Re8+ 31. Kd2 Rf8 32. Kc3 Kd6 33. Kd4 a6
34. a4 axb5 35. axb5 Ra8 36. f5 Ra4+ 37. Ke3 gxf5 38. Bxf5 h6 39. g4 Rb4 40. g5
Rxh4 41. g6 d4+ 42. Kd3 Bd5 43. g7 Rh5 44. Be6 Rg5 45. g8=Q Rxg8 46. Bxg8 Bxg8
47. Kxd4 h5 48. Re5 Bf7 49. Rf5 Be8 50. Kc4 Ke6 51. Rg5 Kd6 52. Rd5+ Ke6 53.
Rd4 Bd7 54. Kc5 Ke7 55. Rf4 Ke8 56. Rf6 h4 57. Rh6 h3 58. Kb4 Bf5 59. Rh5 Bg4
60. Rh7 Bf5 61. Rh5 Bg4 62. Rh8+ Kf7 63. Rh4 Bf5 64. Kc5 Kf6 65. Kc6 Kg5 66.
Rh8 Bg4 67. Rxh3 1/2-1/2